Historia de la cuestión fronteriza dominico-haitiana / (Registro nro. 14388)

Detalles MARC
000 -LEADER
fixed length control field 01276nam a2200301 u 4500
001 - CONTROL NUMBER
control field 000002931
003 - CONTROL NUMBER IDENTIFIER
control field DO-SdBNP
005 - DATE AND TIME OF LATEST TRANSACTION
control field 20230503132652.0
008 - FIXED-LENGTH DATA ELEMENTS--GENERAL INFORMATION
fixed length control field 090703s1988 dr ab r 000 0 spa d
040 ## - CATALOGING SOURCE
Original cataloging agency DO-SdBNP
Language of cataloging spa
Transcribing agency BPMSU
082 #4 - DEWEY DECIMAL CLASSIFICATION NUMBER
Classification number 972. 9307294
Item number P349h 1988
Edition number 22
100 1# - MAIN ENTRY--PERSONAL NAME
Personal name Peña Batlle, Manuel Arturo,
Dates associated with a name 1902-1952
245 10 - TITLE STATEMENT
Title Historia de la cuestión fronteriza dominico-haitiana /
Statement of responsibility, etc. Manuel Arturo Peña Batlle ; edición al cuidado de José Chez Checo
250 ## - EDITION STATEMENT
Edition statement 2a ed. fascím.
260 ## - PUBLICATION, DISTRIBUTION, ETC. (IMPRINT)
Place of publication, distribution, etc. Santo Domingo :
Name of publisher, distributor, etc. Sociedad Dominicana de Bibliófilos,
Date of publication, distribution, etc. 1988.
Place of manufacture
300 ## - PHYSICAL DESCRIPTION
Extent v. :
Other physical details ils., mapas ;
Dimensions 23 cm.
490 0# - SERIES STATEMENT
Series statement Sociedad Dominicana de Bibliófilos.
-- Cultura dominicana
Volume/sequential designation 65
500 ## - GENERAL NOTE
General note Incluye ìndice
504 ## - BIBLIOGRAPHY, ETC. NOTE
Bibliography, etc Incluye referencias bibliográficas y notas al pie de las páginas.
533 ## - REPRODUCTION NOTE
Type of reproduction Facsímil:
Place of reproduction Ciudad Trujillo, República Dominicana :
Agency responsible for reproduction Casa editora Luis Sánchez Andujar,
Date of reproduction 1946
590 ## - LOCAL NOTE (RLIN)
Local note Inventariado, 2023/VM
651 #4 - SUBJECT ADDED ENTRY--GEOGRAPHIC NAME
Geographic name República Dominicana
General subdivision Límites e incidentes fronterizos
Source of heading or term
651 #4 - SUBJECT ADDED ENTRY--GEOGRAPHIC NAME
Geographic name Haití
General subdivision Límites e incidentes fronterizos
651 #4 - SUBJECT ADDED ENTRY--GEOGRAPHIC NAME
Geographic name República Dominicana
General subdivision Historia
--
Geographic subdivision
700 ## - ADDED ENTRY--PERSONAL NAME
Personal name Chez Checo, José,
Dates associated with a name 1949-
Relator term ed.
910 ## - USER-OPTION DATA (OCLC)
User-option data VMateo V. Control de calidad (BPMSU)
942 ## - ADDED ENTRY ELEMENTS (KOHA)
Source of classification or shelving scheme Dewey Decimal Classification
Koha item type Libros
Existencias
Withdrawn status Lost status Source of classification or shelving scheme Damaged status Not for loan Collection code Home library Current library Date acquired Full call number Barcode Date last seen Copy number Price effective from Koha item type
    Dewey Decimal Classification     Colección Dominicana Biblioteca Pública Metropolitana Salomé Ureña Biblioteca Pública Metropolitana Salomé Ureña 05/03/2023 BPMSU CD 972.9307294 P349h 1988 BPMSU23050005 05/03/2023 v.1 05/03/2023 Libros